Ч. 2; Магнитные и диэлектрические приборы

Λεπτομέρειες βιβλιογραφικής εγγραφής
Parent link:Магнитные и диэлектрические приборы: в 2 ч.: пер. с англ./ под ред. Г. Катца. Ч. 2.— , 1964
Γλώσσα:Ρωσικά
Έκδοση: 1964
Θέματα:
Μορφή: Βιβλίο
KOHA link:https://koha.lib.tpu.ru/cgi-bin/koha/opac-detail.pl?biblionumber=179744

MARC

LEADER 00000nam2a2200000 4500
001 179744
005 20231031170538.0
035 |a (RuTPU)RU\TPU\book\194845 
090 |a 179744 
100 |a 20100427d1964 km y0rusy50 ca 
101 1 |a rus  |c eng 
102 |a RU 
105 |a a z 001zy 
200 0 |a Ч. 2 
210 |d 1964 
215 |a 200 с.  |c ил. 
320 |a Библиогр.: с. 186-197. 
461 1 |0 (RuTPU)RU\TPU\book\206989  |t Магнитные и диэлектрические приборы  |o в 2 ч.: пер. с англ.  |f под ред. Г. Катца  |v Ч. 2  |d 1964 
610 1 |a магнитные материалы 
610 1 |a твердые диэлектрики 
610 1 |a магнитная запись 
610 1 |a магнитные измерения 
610 1 |a диэлектрические измерения 
675 |a 621.318.1  |v 3 
675 |a 621.315.616  |v 3 
801 1 |a RU  |b 63413507  |c 20100427 
801 2 |a RU  |b 63413507  |c 20150424  |g RCR 
942 |c BK